Équipe du PSG victorieuse en finale de la Ligue des champions 2025 - Statistiques

Statistiques générales
  • Ce quiz a été pris 127 fois
  • Le résultat moyen est 20 sur 23
Statistiques - réponses
Position Joueur Pays % Correct
DD Achraf Hakimi Maroc
100%
GB Gianluigi Donnarumma Italie
99%
AD Désiré Doué France
98%
DC Marquinhos Brésil
98%
AC Ousmane Dembélé France
98%
DG Nuno Mendes Portugal
97%
DC Willian Pacho Équateur
97%
MC João Neves Portugal
96%
A Bradley Barcola France
94%
MC Fabián Ruiz Espagne
94%
MC Vitinha Portugal
94%
A Gonçalo Ramos Portugal
88%
Entraîneur Luis Enrique Espagne
88%
M Senny Mayulu France
87%
D Lucas Hernandez France
86%
GB Matvey Safonov Russie
85%
AG Khvicha Kvaratskhelia Géorgie
83%
M Warren Zaïre-Emery France
82%
GB Arnau Tenas Espagne
78%
D Lucas Beraldo Brésil
78%
D Presnel Kimpembe France
75%
A Ibrahim Mbaye France
71%
M Kang-in Lee Corée du Sud
70%
Aucun quiz correspondant
Distribution des résultats
% des personnes avec chaque résultat
Percentile par nombre de réponses
Votre historique - résultats
Vous n’avez pas pris ce quiz